00482nam a22001457a 4500003000500000038001800005082000800023100001600031245010500047264003200152300002400184650003800208700003300246856005700279NUST aNusrat Nadeem a200 aUmar, Hafsa aTHE DEVALUATION OF FEMALE DIGITAL AESTHETIC ENTREPRENEURS (MAKEUP ARTISTS) OF PAKISTAN/cHafsa Umar, aIslamabad,c2023.bNBS NUST aill:b84,p:c30,cm. aMS-Management and Human Resource  aSupervisor: Dr. Madiha Gohar uhttp://10.250.8.41:8080/xmlui/handle/123456789/38717